00518nam a22001457a 4500003000900000008004100009040007100050082001600121100002200137245002600159260004300185300003500228505009300263650001600356AR-CdUCM190926b ||||| |||| 00| 0 eng d aMUNICIPALIDAD PROVINCIAL DEL CUSCOcBIBLIOTECA MUNICIPAL DEL CUSCO a746 /bSC29 aSchneider, Renate aKyoko Adaniya-Baier / aAustria :bKyoko Adaniya-Baier,c2006. bfotografías a color,c26 cm. aContenido : Breve descripción sobre el arte textil japones, con fotografías a color. aArte textil